<?xml version="1.0" encoding="UTF-8"?>
<record
    xmlns:xsi="http://www.w3.org/2001/XMLSchema-instance"
    xsi:schemaLocation="http://www.loc.gov/MARC21/slim http://www.loc.gov/standards/marcxml/schema/MARC21slim.xsd"
    xmlns="http://www.loc.gov/MARC21/slim">

  <leader>00631nam a22002297a 4500</leader>
  <controlfield tag="003">UA-OsUOA</controlfield>
  <controlfield tag="001"> 21913 </controlfield>
  <controlfield tag="007">ta</controlfield>
  <controlfield tag="008">20031215b un ||||| |||| 00| 0 ukr d</controlfield>
  <datafield tag="090" ind1=" " ind2=" ">
    <subfield code="a">024</subfield>
    <subfield code="b">&#x417;-41</subfield>
  </datafield>
  <datafield tag="942" ind1=" " ind2=" ">
    <subfield code="c">BK</subfield>
  </datafield>
  <datafield tag="040" ind1=" " ind2=" ">
    <subfield code="a">UA-OsUOA</subfield>
    <subfield code="b">ukr</subfield>
    <subfield code="c">UA-OsUOA</subfield>
    <subfield code="d">UA-OsUOA</subfield>
  </datafield>
  <datafield tag="245" ind1=" " ind2=" ">
    <subfield code="a">&#x417;&#x431;&#x456;&#x440;&#x43D;&#x438;&#x43A; &#x43D;&#x430;&#x443;&#x43A;&#x43E;&#x432;&#x438;&#x445; &#x43F;&#x440;&#x430;&#x446;&#x44C; &#x432;&#x456;&#x434;&#x434;&#x456;&#x43B;&#x443; &#x440;&#x443;&#x43A;&#x43E;&#x43F;&#x438;&#x441;&#x43D;&#x438;&#x445;, &#x441;&#x442;&#x430;&#x440;&#x43E;&#x434;&#x440;&#x443;&#x43A;&#x43E;&#x432;&#x430;&#x43D;&#x438;&#x445; &#x442;&#x430; &#x440;&#x456;&#x434;&#x43A;&#x456;&#x441;&#x43D;&#x438;&#x445; &#x43A;&#x43D;&#x438;&#x433; &#x456;&#x43C;. &#x424;.&#x41F;. &#x41C;&#x430;&#x43A;&#x441;&#x438;&#x43C;&#x435;&#x43D;&#x43A;&#x430;</subfield>
  </datafield>
  <datafield tag="300" ind1=" " ind2=" ">
    <subfield code="a">154 &#x441;.</subfield>
  </datafield>
  <datafield tag="955" ind1=" " ind2=" ">
    <subfield code="a">0</subfield>
  </datafield>
  <datafield tag="041" ind1=" " ind2=" ">
    <subfield code="a">ukr</subfield>
  </datafield>
  <datafield tag="080" ind1=" " ind2=" ">
    <subfield code="a">024</subfield>
  </datafield>
  <datafield tag="260" ind1=" " ind2=" ">
    <subfield code="a">&#x41B;&#x44C;&#x432;&#x456;&#x432;</subfield>
    <subfield code="c">1997</subfield>
  </datafield>
  <datafield tag="044" ind1=" " ind2=" ">
    <subfield code="a">UA</subfield>
  </datafield>
  <datafield tag="650" ind1=" " ind2="7">
    <subfield code="2">UDC</subfield>
  </datafield>
  <datafield tag="999" ind1=" " ind2=" ">
    <subfield code="c">308123</subfield>
    <subfield code="d">308123</subfield>
  </datafield>
  <datafield tag="952" ind1=" " ind2=" ">
    <subfield code="0">0</subfield>
    <subfield code="1">0</subfield>
    <subfield code="2">udc</subfield>
    <subfield code="4">0</subfield>
    <subfield code="7">0</subfield>
    <subfield code="a">101</subfield>
    <subfield code="b">101</subfield>
    <subfield code="d">2006-07-13</subfield>
    <subfield code="i">52870</subfield>
    <subfield code="l">0</subfield>
    <subfield code="o">024 &#x417;-41</subfield>
    <subfield code="p">52870</subfield>
    <subfield code="r">2021-11-05 00:00:00</subfield>
    <subfield code="w">2003-12-15</subfield>
    <subfield code="y">BK</subfield>
  </datafield>
  <datafield tag="952" ind1=" " ind2=" ">
    <subfield code="0">0</subfield>
    <subfield code="1">0</subfield>
    <subfield code="2">udc</subfield>
    <subfield code="4">0</subfield>
    <subfield code="7">0</subfield>
    <subfield code="a">101</subfield>
    <subfield code="b">101</subfield>
    <subfield code="d">2006-07-13</subfield>
    <subfield code="i">52871</subfield>
    <subfield code="l">0</subfield>
    <subfield code="o">024 &#x417;-41</subfield>
    <subfield code="p">52871</subfield>
    <subfield code="r">2021-11-05 00:00:00</subfield>
    <subfield code="w">2003-12-15</subfield>
    <subfield code="y">BK</subfield>
  </datafield>
  <datafield tag="952" ind1=" " ind2=" ">
    <subfield code="0">0</subfield>
    <subfield code="1">0</subfield>
    <subfield code="2">udc</subfield>
    <subfield code="4">0</subfield>
    <subfield code="7">0</subfield>
    <subfield code="a">101</subfield>
    <subfield code="b">101</subfield>
    <subfield code="d">2006-07-13</subfield>
    <subfield code="i">52872</subfield>
    <subfield code="l">0</subfield>
    <subfield code="o">024 &#x417;-41</subfield>
    <subfield code="p">52872</subfield>
    <subfield code="r">2021-11-05 00:00:00</subfield>
    <subfield code="w">2003-12-15</subfield>
    <subfield code="y">BK</subfield>
  </datafield>
  <datafield tag="952" ind1=" " ind2=" ">
    <subfield code="0">0</subfield>
    <subfield code="1">0</subfield>
    <subfield code="2">udc</subfield>
    <subfield code="4">0</subfield>
    <subfield code="7">0</subfield>
    <subfield code="a">101</subfield>
    <subfield code="b">101</subfield>
    <subfield code="d">2006-07-13</subfield>
    <subfield code="i">52873</subfield>
    <subfield code="l">0</subfield>
    <subfield code="o">024 &#x417;-41</subfield>
    <subfield code="p">52873</subfield>
    <subfield code="r">2021-11-05 00:00:00</subfield>
    <subfield code="w">2003-12-15</subfield>
    <subfield code="y">BK</subfield>
  </datafield>
  <datafield tag="952" ind1=" " ind2=" ">
    <subfield code="0">0</subfield>
    <subfield code="1">0</subfield>
    <subfield code="2">udc</subfield>
    <subfield code="4">0</subfield>
    <subfield code="7">0</subfield>
    <subfield code="a">101</subfield>
    <subfield code="b">101</subfield>
    <subfield code="d">2006-07-13</subfield>
    <subfield code="i">52875</subfield>
    <subfield code="l">0</subfield>
    <subfield code="o">024 &#x417;-41</subfield>
    <subfield code="p">52875</subfield>
    <subfield code="r">2021-11-05 00:00:00</subfield>
    <subfield code="w">2003-12-15</subfield>
    <subfield code="y">BK</subfield>
  </datafield>
  <datafield tag="952" ind1=" " ind2=" ">
    <subfield code="0">0</subfield>
    <subfield code="1">0</subfield>
    <subfield code="2">udc</subfield>
    <subfield code="4">0</subfield>
    <subfield code="7">0</subfield>
    <subfield code="a">101</subfield>
    <subfield code="b">101</subfield>
    <subfield code="d">2006-07-13</subfield>
    <subfield code="i">52893</subfield>
    <subfield code="l">0</subfield>
    <subfield code="o">024 &#x417;-41</subfield>
    <subfield code="p">52893</subfield>
    <subfield code="r">2021-11-05 00:00:00</subfield>
    <subfield code="w">2003-12-15</subfield>
    <subfield code="y">BK</subfield>
  </datafield>
  <datafield tag="952" ind1=" " ind2=" ">
    <subfield code="0">0</subfield>
    <subfield code="1">0</subfield>
    <subfield code="2">udc</subfield>
    <subfield code="4">0</subfield>
    <subfield code="7">0</subfield>
    <subfield code="a">102</subfield>
    <subfield code="b">102</subfield>
    <subfield code="d">2003-12-15</subfield>
    <subfield code="g">5.00</subfield>
    <subfield code="i">62227</subfield>
    <subfield code="l">0</subfield>
    <subfield code="o">024 &#x417;-41</subfield>
    <subfield code="p">62227</subfield>
    <subfield code="r">2022-02-09 00:00:00</subfield>
    <subfield code="w">2003-12-15</subfield>
    <subfield code="y">BK</subfield>
  </datafield>
</record>
